000 00571nam a2200217Ia 4500
003 OSt
005 20220926041914.0
006 a|||||r|||| 00| 0
007 ta
008 220923b |||||||| |||| 00| 0 eng d
037 _cGeneral Book
040 _aRTL
_cRTL
_beng
041 _2eng
_aeng
082 _aX9v3,K, G9
100 _aMottram R H
_955895
245 0 _aTrader's dream
_b The romance of the East India Com
260 _c1939
650 _aIndustry Economics
942 _hX9v3,K, G9
_cGB
_2CC
999 _c668387
_d668387